[Event "Montpellier op 19th"]
[Site "Montpellier"]
[Date "2013.07.07"]
[Round "1"]
[White "Mariel, David"]
[Black "Flear, Glenn C"]
[Result "1/2-1/2"]
[WhiteElo "2090"]
[BlackElo "2456"]
[PlyCount "83"]
[EventDate "2013.07.05"]
[EventType "swiss"]
[EventRounds "9"]
[EventCountry "FRA"]
[SourceTitle "EXT 2014"]
[Source "ChessBase"]
[SourceDate "2013.11.20"]
[SourceVersion "1"]
[SourceVersionDate "2013.11.20"]
[SourceQuality "1"]

1. e4 e5 2. Nf3 Nc6 3. Bc4 Bc5 4. c3 Nf6 5. d3 a6 6. Nbd2 0-0 7. Bb3 Ba7 8. 0-0 d6 9. Nc4 Ne7 10. Nh4 Kh8 11. Ne3 Be6 12. Qf3 Qd7 13. Nhf5 Nxf5 14. Nxf5 d5 15. g4 dxe4 16. dxe4 Bxb3 17. axb3 Qc6 18. Ng3 Qe6 19. g5 Nd7 20. b4 c5 21. bxc5 Nxc5 22. Be3 Qb3 23. Qe2 Rfd8 24. Rfd1 Bb6 25. Bxc5 Bxc5 26. Nf5 Qe6 27. Rxd8+ Rxd8 28. Rd1 Qe8 29. Kg2 Bf8 30. Rd3 Rxd3 31. Qxd3 f6 32. gxf6 Qg6+ 33. Kf1 Qxf6 34. Qd7 g6 35. Ne3 b5 36. Ke2 h5 37. Qe8 Kg7 38. Nd5 Qg5 39. Nc7 Qg4+ 40. Kf1 Qd1+ 41. Kg2 Qg4+ 42. Kf1 1/2-1/2

[Event "Paris Apsap op 58th"]
[Site "Paris"]
[Date "2002.??.??"]
[Round "9"]
[White "Mariel, David"]
[Black "Graziani, Jacques"]
[Result "0-1"]
[WhiteElo "1820"]
[BlackElo "2093"]
[PlyCount "78"]
[EventDate "2003.01.27"]
[EventType "swiss"]
[EventRounds "9"]
[EventCountry "FRA"]
[SourceTitle "EXT 2004"]
[Source "ChessBase"]
[SourceDate "2003.11.25"]
[SourceVersion "1"]
[SourceVersionDate "2003.11.25"]
[SourceQuality "1"]

1. e4 d6 2. d4 Nf6 3. Nc3 g6 4. Bg5 a6 5. Qd2 b5 6. Bd3 Bb7 7. f3 Nbd7 8. Nce2 Bg7 9. Bh6 Bxh6 10. Qxh6 c5 11. c3 Qb6 12. Qd2 0-0 13. Nh3 cxd4 14. cxd4 Rac8 15. Nf2 e5 16. d5 b4 17. 0-0 a5 18. g4 Nc5 19. Kg2 Nxd3 20. Nxd3 Ba6 21. Rac1 Rxc1 22. Ndxc1 Rc8 23. Nd3 Qb5 24. Rd1 Qxd3 25. Qxd3 Bxd3 26. Rxd3 Rc2 27. Kf1 Rxb2 28. a3 Nd7 29. axb4 axb4 30. Ke1 Nc5 31. Rd2 Rb3 32. Kf2 Rb1 33. h3 Ra1 34. Kg2 b3 35. Nc3 Rc1 36. Ne2 Rc4 37. Rb2 Ra4 38. Nc1 Kf8 39. Kf2 Rc4 0-1